| 000 | 00664nai a22001697a 4500 | ||
|---|---|---|---|
| 003 | OSt | ||
| 005 | 20180717170802.0 | ||
| 008 | 180615b xxu||||| |||| 00| 0 eng d | ||
| 040 |
_aBMC _cBMC |
||
| 082 | _a616.12 | ||
| 245 | 0 | 0 |
_aThe New England journal of medicine _nV. 342, 343 |
| 260 |
_aNew York _bMassachussetts Medical Society _c2000 |
||
| 300 |
_a2 v. _c28 cm |
||
| 505 | _aContiene: Efectos de la cirugia de paypass aortocoronario...- Resultados del tratamiento de niños con leucemia linfoblástica aguda cromosoma filadelfia positivos.- Efecto de la angioplastia con balón sobre la hipertensión.- | ||
| 650 | 2 | 4 |
_924283 _aCardiología |
| 942 |
_2ddc _cPR |
||
| 999 |
_c29528 _d29528 |
||